000 00640nam a2200193Ia 4500
003 GCL
008 140319s9999 xx 000 0 ara d
040 _aGCL /
_cGCL
082 0 4 _a550
_bف ف
100 1 _aمحمد جمال الدين الفندى
245 1 0 _aقصة السماوات والارض (هدية من جمال الدين الفندى) /
_cمحمد جمال الدين الفندى
700 1 _aمحمد يوسف حسن
300 _a111 ص
490 _aكتاب الشعب
_v0
650 0 4 _aالغلاف الجوى
650 0 4 _aالمجموعة الشمسية
650 0 4 _aتطور البشرية
942 _2ddc
_cBK
999 _c46628
_d46628